Seguridad ciudadana y cohesión social en América Latina / Lucía Dammert
Publicado:
Barcelona :
Diputación de Barcelona. Oficina de Coordinación y Orientación del Programa URB-AL III, Dirección de Comunicación ,
2012
Descripción Física:
86 p. : taules, gràf. ; 29 cm
MARC
| LEADER | 00000nam a2200000Ia 4500 | ||
|---|---|---|---|
| 001 | 23437 | ||
| 008 | 160829s2012 xx 000 0 cat d | ||
| 080 | |a M-6-428 | ||
| 100 | |a Dammert, Lucía |9 47890 | ||
| 245 | |a Seguridad ciudadana y cohesión social en América Latina / Lucía Dammert | ||
| 260 | |a Barcelona : |b Diputación de Barcelona. Oficina de Coordinación y Orientación del Programa URB-AL III, Dirección de Comunicación, |c 2012 | ||
| 300 | |a 86 p. : |b taules, gràf. ; |c 29 cm | ||
| 490 | |a Colección de estudios sobre políticas públicas locales y regionales de cohesión social ; 3 | ||
| 590 | |a Bibliografia. | ||
| 650 | |a Seguretat ciutadana |x Amèrica Llatina |9 47891 | ||
| 650 | 0 | |a Integració social |x Amèrica Llatina |9 47892 | |
| 710 | |a Barcelona (Catalunya : Província). |b Direcció de Comunicació |9 53855 | ||
| 710 | 2 | |a Oficina de Coordinación y Orientación Urb-al III |9 54876 | |
| 901 | |a Arxiu | ||
| 942 | |n 1 | ||
| 952 | |0 0 |1 0 |4 0 |6 M6428 |7 1 |9 54180 |a Arxiu |b Arxiu |d 2012-05-11 |l 0 |o M-6-428 |p 23437 |r 2016-12-01 00:00:00 |w 2016-12-01 |y ARXIU | ||
| 999 | |c 58049 |d 58049 | ||